| 000 -LEADER |
| fixed length control field |
02301cam a22003614a 4500 |
| 001 - CONTROL NUMBER |
| control field |
13545191 |
| 003 - CONTROL NUMBER IDENTIFIER |
| control field |
OSt |
| 005 - DATE AND TIME OF LATEST TRANSACTION |
| control field |
20210922114547.0 |
| 008 - FIXED-LENGTH DATA ELEMENTS--GENERAL INFORMATION |
| fixed length control field |
040401s2004 enka b 001 0 eng |
| 010 ## - LIBRARY OF CONGRESS CONTROL NUMBER |
| LC control number |
2004007789 |
| 020 ## - INTERNATIONAL STANDARD BOOK NUMBER |
| International Standard Book Number |
1903996457 |
| 038 ## - RECORD CONTENT LICENSOR |
| Staff Name |
khadija |
| 040 ## - CATALOGING SOURCE |
| Original cataloging agency |
DLC |
| Transcribing agency |
DLC |
| Modifying agency |
DLC |
| 042 ## - AUTHENTICATION CODE |
| Authentication code |
pcc |
| 050 00 - LIBRARY OF CONGRESS CALL NUMBER |
| Classification number |
QA808 |
| Item number |
.M45 2004 |
| 082 00 - DEWEY DECIMAL CLASSIFICATION NUMBER |
| Classification number |
531 |
| Edition number |
22 |
| Author Mark |
MES |
| 245 00 - TITLE STATEMENT |
| Title |
Meshfree & particle based approaches in computational mechanics / |
| Statement of responsibility, etc. |
edited by Piotr Breitkopf & Antonio Huerta. |
| 246 3# - VARYING FORM OF TITLE |
| Title proper/short title |
Meshfree and particle based approaches in computational mechanics |
| 260 ## - PUBLICATION, DISTRIBUTION, ETC. |
| Place of publication, distribution, etc. |
London ; |
| -- |
Sterling, VA : |
| Name of publisher, distributor, etc. |
Kogan Page Science, |
| Date of publication, distribution, etc. |
2004. |
| 300 ## - PHYSICAL DESCRIPTION |
| Extent |
176 p. : |
| Other physical details |
ill. ; |
| Dimensions |
25 cm. |
| 504 ## - BIBLIOGRAPHY, ETC. NOTE |
| Bibliography, etc. note |
Includes bibliographical references and index. |
| 505 0# - FORMATTED CONTENTS NOTE |
| Formatted contents note |
An introduction to moving least squares meshfree methods / Piotr Breitkopf, Alain Rassineux, Pierre Villon -- Locking in the incompressible limit : pseudo-divergence-free element-free Galerkin / Yolanda Vidal & Antonio Huerta, Pierre Villon -- Alternative total Lagrangian formulations for corrected smooth particle hydrodynamics (CSPH) methods in large strain dynamic problems / Javier Bonet & Sivakumar Kulasegaram -- An extended approach to error control in experimental and numerical data smoothing and evaluation using the meshless FDM / Józef Krok -- A meshless approach for 2D vibro-acoustic problems / Philippe Bouillard, Valéry Lacroix & Erik de Bel -- A meshfree method for incompressible fluid flows with incorporated surface tension / Sudarshan Tiwari, Jörg Kuhnert -- On the numerical solution of unsteady fluid flow problems by a meshless method / Tonino Sophy & Hamou Sadat. |
| 563 ## - BINDING INFORMATION |
| Binding note |
hardcover |
| 650 #0 - SUBJECT ADDED ENTRY--TOPICAL TERM |
| Topical term or geographic name entry element |
Mechanics, Analytic |
| General subdivision |
Data processing. |
| 9 (RLIN) |
82590 |
| 650 #0 - SUBJECT ADDED ENTRY--TOPICAL TERM |
| Topical term or geographic name entry element |
Meshfree methods (Numerical analysis) |
| 9 (RLIN) |
82591 |
| 700 1# - ADDED ENTRY--PERSONAL NAME |
| Personal name |
Breitkopf, Piotr. |
| 9 (RLIN) |
82589 |
| 700 1# - ADDED ENTRY--PERSONAL NAME |
| Personal name |
Huerta, Antonio, |
| Dates associated with a name |
1959- |
| 9 (RLIN) |
1941 |
| 856 41 - ELECTRONIC LOCATION AND ACCESS |
| Materials specified |
Table of contents |
| Uniform Resource Identifier |
<a href="http://www.loc.gov/catdir/toc/ecip0416/2004007789.html">http://www.loc.gov/catdir/toc/ecip0416/2004007789.html</a> |
| 856 42 - ELECTRONIC LOCATION AND ACCESS |
| Materials specified |
Publisher description |
| Uniform Resource Identifier |
<a href="http://www.loc.gov/catdir/enhancements/fy0704/2004007789-d.html">http://www.loc.gov/catdir/enhancements/fy0704/2004007789-d.html</a> |
| 906 ## - LOCAL DATA ELEMENT F, LDF (RLIN) |
| a |
7 |
| b |
cbc |
| c |
orignew |
| d |
1 |
| e |
ecip |
| f |
20 |
| g |
y-gencatlg |
| 942 ## - ADDED ENTRY ELEMENTS (KOHA) |
| Source of classification or shelving scheme |
|
| Koha item type |
Book |